<?xml version="1.0" encoding="UTF-8"?>
<record
    xmlns:xsi="http://www.w3.org/2001/XMLSchema-instance"
    xsi:schemaLocation="http://www.loc.gov/MARC21/slim http://www.loc.gov/standards/marcxml/schema/MARC21slim.xsd"
    xmlns="http://www.loc.gov/MARC21/slim">

  <leader>00337nam a2200133Ia 4500</leader>
  <controlfield tag="008">191201s2006    xx            000 0 und d</controlfield>
  <datafield tag="100" ind1=" " ind2=" ">
    <subfield code="a">Gupta, J B</subfield>
  </datafield>
  <datafield tag="245" ind1=" " ind2="0">
    <subfield code="a">Basic Electrical and Electronics Engineering</subfield>
  </datafield>
  <datafield tag="250" ind1=" " ind2=" ">
    <subfield code="a">4th</subfield>
  </datafield>
  <datafield tag="260" ind1=" " ind2=" ">
    <subfield code="c">2006</subfield>
    <subfield code="b">S K Kataria and Sons</subfield>
    <subfield code="a">N.Delhi</subfield>
  </datafield>
  <datafield tag="300" ind1=" " ind2=" ">
    <subfield code="a">671</subfield>
  </datafield>
  <datafield tag="650" ind1=" " ind2=" ">
    <subfield code="a">APPLIED</subfield>
  </datafield>
  <datafield tag="942" ind1=" " ind2=" ">
    <subfield code="2">ddc</subfield>
    <subfield code="c">BB</subfield>
    <subfield code="0">3</subfield>
  </datafield>
  <datafield tag="999" ind1=" " ind2=" ">
    <subfield code="c">7171</subfield>
    <subfield code="d">7171</subfield>
  </datafield>
  <datafield tag="952" ind1=" " ind2=" ">
    <subfield code="0">0</subfield>
    <subfield code="1">0</subfield>
    <subfield code="2">ddc</subfield>
    <subfield code="4">0</subfield>
    <subfield code="7">0</subfield>
    <subfield code="8">APPLIED</subfield>
    <subfield code="a">PIET</subfield>
    <subfield code="b">PIET</subfield>
    <subfield code="d">2006-08-26</subfield>
    <subfield code="e">M/s UDH , Delhi</subfield>
    <subfield code="g">235.00</subfield>
    <subfield code="k">1268</subfield>
    <subfield code="l">1</subfield>
    <subfield code="p">BB151</subfield>
    <subfield code="q">2021-05-17</subfield>
    <subfield code="r">2020-10-27 00:00:00</subfield>
    <subfield code="s">2020-10-27</subfield>
    <subfield code="w">2006-08-26</subfield>
    <subfield code="y">BB</subfield>
  </datafield>
  <datafield tag="952" ind1=" " ind2=" ">
    <subfield code="0">0</subfield>
    <subfield code="1">0</subfield>
    <subfield code="2">ddc</subfield>
    <subfield code="4">0</subfield>
    <subfield code="7">0</subfield>
    <subfield code="8">APPLIED</subfield>
    <subfield code="a">PIET</subfield>
    <subfield code="b">PIET</subfield>
    <subfield code="d">2006-08-26</subfield>
    <subfield code="e">M/s UDH , Delhi</subfield>
    <subfield code="g">235.00</subfield>
    <subfield code="k">1268</subfield>
    <subfield code="l">1</subfield>
    <subfield code="p">BB168</subfield>
    <subfield code="q">2021-05-17</subfield>
    <subfield code="r">2020-10-27 00:00:00</subfield>
    <subfield code="s">2020-10-27</subfield>
    <subfield code="w">2006-08-26</subfield>
    <subfield code="y">BB</subfield>
  </datafield>
</record>
